000 00627nam a2200229Ia 4500
003 OSt
005 20220926042859.0
006 a|||||r|||| 00| 0
007 ta
008 220923b |||||||| |||| 00| 0 eng d
037 _cGeneral Book
040 _aRTL
_cRTL
_beng
041 _2eng
_aeng
082 _aX9(J):89P, K3
100 _aHeady Earl O
245 0 _aResource demand and structure of the agricultural
260 _c1963
650 _aManagement
_930681
700 _a Tweeten Luther G
_9256670
942 _hX9(J):89P, K3
_cGB
_2CC
999 _c670787
_d670787